000 00314nam a2200121Ia 4500
008 220216s9999 xx 000 0 und d
100 _aScott J R
245 0 _aRubber test methods: 1961 meeting of ISO/TC 45
260 _bProceedings of the IRI
_c1961
300 _a188-194
650 _aTest methods
942 _cJS
999 _c68031
_d68031